| 000 | 01721nam0a2200373 4500 | ||
|---|---|---|---|
| 001 | RU\NLR\bibl\878655 | ||
| 005 | 20260406050541.0 | ||
| 010 | _a5-8291-0616-7 | ||
| 010 |
_a5-902357-33-0 _92000 |
||
| 021 |
_aRU _b2005-70190 _93457 |
||
| 035 | _a(NLR Aleph) 000867236 | ||
| 090 |
_a1576977 _c1576977 |
||
| 100 | _a20051125d2005 |||y0rusy50 ca | ||
| 101 | 0 | _arus | |
| 102 | _aRU | ||
| 105 | _aa ||||||||| | ||
| 200 | 1 |
_aКурс статистической физики и термодинамики _eучебник для студентов высших учебных заведений, обучающихся по специальности 032200 - физика _fС.Б. Московский |
|
| 210 |
_aМосква _cфонд "Мир" _cАкадемический проект _d2005 |
||
| 215 |
_a315,[1] с. _cил. _d21 |
||
| 225 | 1 | _aGaudeamus | |
| 225 | 1 | _aУчебник для вузов | |
| 300 | _aНа 4-й с. обл. авт.: Московский С.Б., к.ф.-м.н., проф. | ||
| 320 | _aБиблиогр.: с. 309 (6 назв.) | ||
| 320 | _aАлф. указ.: с. 310-313 | ||
| 606 | 1 |
_aТермодинамика _jУчебники для высших учебных заведений _9913925 _3RU\NLR\auth\6614666 |
|
| 606 | 1 |
_aСтатистическая физика _jУчебники для высших учебных заведений _91012348 _3RU\NLR\auth\6667925 |
|
| 686 | _aВ317я73-1 | ||
| 700 | 1 |
_4070 _8rus _7ca _aМосковский _bС. Б. _gСергей Борисович _3RU\NLR\auth\776016 _9115972 |
|
| 801 | 0 |
_aRU _bNLR _c20051125 _grcr |
|
| 801 | 1 |
_aRU _bNLR _c20051125 |
|
| 830 | _aавт. по кн. | ||
| 942 | _cBOOK | ||
| 980 | _aNB | ||